Battle-Wise: Seeking time-information superiority in network warfare (Record no. 71577)

000 -LEADER
fixed length control field 00535nam a22001817a 4500
003 - CONTROL NUMBER IDENTIFIER
control field NUST - PNEC
005 - DATE AND TIME OF LATEST TRANSACTION
control field 20170116181204.0
008 - FIXED-LENGTH DATA ELEMENTS--GENERAL INFORMATION
fixed length control field 160223b xxu||||| |||| 00| 0 eng d
020 ## - INTERNATIONAL STANDARD BOOK NUMBER
International Standard Book Number -
040 ## - CATALOGING SOURCE
Transcribing agency LIBRARY
082 ## - DEWEY DECIMAL CLASSIFICATION NUMBER
Classification number 355.973 GOM
100 ## - MAIN ENTRY--PERSONAL NAME
9 (RLIN) 16601
Personal name Gompert, David C.
245 ## - TITLE STATEMENT
Title Battle-Wise: Seeking time-information superiority in network warfare
Statement of responsibility, etc. David C. Gompert, Irving Lachow
260 ## - PUBLICATION, DISTRIBUTION, ETC.
Place of publication, distribution, etc. Rawalpindi:
Name of publisher, distributor, etc. Services Book Club;
Date of publication, distribution, etc. 2014
300 ## - PHYSICAL DESCRIPTION
Extent 174 pages
650 ## - SUBJECT ADDED ENTRY--TOPICAL TERM
9 (RLIN) 16602
Topical term or geographic name entry element Warfare
General subdivision General
942 ## - ADDED ENTRY ELEMENTS (KOHA)
Source of classification or shelving scheme
Koha item type Book
Holdings
Withdrawn status Lost status Source of classification or shelving scheme Materials specified (bound volume or other part) Damaged status Not for loan Permanent Location Current Location Shelving location Date acquired Total Checkouts Full call number Barcode Date last seen Price effective from Koha item type Collection code Source of acquisition Total Renewals
            Central Library (CL) Central Library (CL) Book Cart 01/28/2019   355.973 GOM CL-D-316 01/28/2019 01/28/2019 Book   Donation  
            Central Library (CL) Central Library (CL) Book Cart 01/28/2019   355.973 GOM CL-D-317 02/02/2025 01/28/2019 Book   Donation 1
      paperback     Pakistan Navy Engineering College (PNEC) Pakistan Navy Engineering College (PNEC)   02/23/2016   355.973 GOM PNECLIB-032382 02/23/2016 02/23/2016 Book      
      paperback     Pakistan Navy Engineering College (PNEC) Pakistan Navy Engineering College (PNEC)   02/23/2016   355.973 GOM PNECLIB-032383 02/23/2016 02/23/2016 Book      
      paperback     Pakistan Navy Engineering College (PNEC) Pakistan Navy Engineering College (PNEC)   02/23/2016   355.973 GOM PNECLIB-032384 02/23/2016 02/23/2016 Book      
      paperback     Pakistan Navy Engineering College (PNEC) Pakistan Navy Engineering College (PNEC)   02/23/2016   355.973 GOM PNECLIB-032385 02/23/2016 02/23/2016 Book      
© 2023 Central Library, National University of Sciences and Technology. All Rights Reserved.